000 01149nam a22003857a 4500
001 0000422
003 KOHA_MİRAKIL
005 20260207001209.0
007 ta
008 101013b2005 tu |||gr||||#||||0|tur |
020 _a9755911030
_cYTL16,690000000000001
040 _aTR-BiSEU
_btur
_cTR-BiSEU
_erda
041 0 _atur
044 _ctu
050 _aTL243
_b.C48 2005
100 1 _aÇetinkaya, Selim.
245 1 _aTaşıt mekaniği/
_cSelim Çetinkaya ; Selim Çetinkaya.
250 _a4. bs.
264 1 _aAnkara :
_bNobel Yayınları
_c2005
300 _a314 sayfa
336 _ametin
_btxt
_2rdacontent
337 _aaracısız
_bn
_2rdamedia
338 _acilt
_bnc
_2rdacarrier
490 0 _aNobel Yayın No.
490 0 _a125 Teknik Yayınları Dizi No.
490 0 _a13
500 _aKaynakça ve dizin var.
650 0 _aMotorlu taşıtlar--Dinamik.
_92546
650 0 _aTaşıtlar--Tasarım ve konstrüksiyon.
_92547
650 0 _aOtomobiller--Tasarım ve konstrüksiyon.
_92548
830 0 _aNobel Yayın No.
_91595
830 0 _a125 Teknik Yayınları Dizi No.
_92549
830 0 _a13
_92550
942 _2lcc
_cBK
999 _c423
_d423